| 000 | 00378nam a22001697a 4500 | ||
|---|---|---|---|
| 003 | SGT | ||
| 020 | _a9789354665691 | ||
| 082 |
_a611 _bB24G |
||
| 100 | _aGARG, KRISHNA | ||
| 245 | _aBD CHAURASIA'S HB. OF GENERAL ANATOMY | ||
| 250 | _a7TH | ||
| 260 |
_aINDIA _bCBS PUB _c2024 |
||
| 300 | _a450 | ||
| 650 | _aHUMAN ANATOMY | ||
| 653 | _aGENERAL ANATOMY | ||
| 942 |
_2ddc _cBK |
||
| 999 |
_c33389 _d33389 |
||